000 nam a22 7a 4500
999 _c25151
_d25151
008 170131b xxu||||| |||| 00| 0 eng d
050 _aNK 7112 .B8 1991
100 _aBurton, E. Milby.
245 _aSouth Carolina Silversmiths 1690-1860/
_cBurton E. Milby.
250 _a3rd ed.
260 _aCharleston :
_bThe chaleston museum,
_c1991.
300 _axxxiii, 185p. :
_bill. ;
_c28cm.
650 _aSouth carolina.
942 _2lcc
_cBOOKS
_hNK 7112 .B8 1991